000 01218nam a2200337Ia 4500
001 ebr10196174
003 CaPaEBR
006 m u
007 cr cn|||||||||
008 060907s2007 nyu s 001 0 eng d
010 _z 2006029750
020 _z9780814409060 (hbk.)
020 _z0814409067
040 _aCaPaEBR
_cCaPaEBR
035 _a(OCoLC)77570418
050 1 4 _aHD38.2
_b.M3675 2007eb
082 0 4 _a658.4/09
_222
100 1 _aMartin, Chuck,
_d1949-
245 1 0 _aSmarts
_h[electronic resource] :
_bare we hardwired for success? /
_cChuck Martin, Peg Dawson, Richard Guare.
260 _aNew York :
_bAmacom,
_cc2007.
300 _axii, 226 p.
500 _aIncludes index.
533 _aElectronic reproduction.
_bPalo Alto, Calif. :
_cebrary,
_d2009.
_nAvailable via World Wide Web.
_nAccess may be limited to ebrary affiliated libraries.
650 0 _aExecutive ability
_xTesting.
650 0 _aIndustrial management.
655 7 _aElectronic books.
_2local
700 1 _aDawson, Peg.
700 1 _aGuare, Richard.
710 2 _aebrary, Inc.
856 4 0 _uhttp://site.ebrary.com/lib/rucke/Doc?id=10196174
_zAn electronic book accessible through the World Wide Web; click to view
999 _c216632
_d216632